La administración pública española / (Record no. 188631)

MARC details
000 -LEADER
campo de control de longitud fija 01096nam a2200277 i 4500
001 - NÚMERO DE CONTROL
campo de control 188631
003 - IDENTIFICADOR DE NÚMERO DE CONTROL
campo de control SpMaBN
005 - FECHA Y HORA DE LA ÚLTIMA TRANSACCIÓN
campo de control 20250826042749.0
008 - DATOS DE LONGITUD FIJA--INFORMACIÓN GENERAL
campo de control de longitud fija 190115s2002 sp |||| | spa d
020 ## - NÚMERO INTERNACIONAL ESTÁNDAR DEL LIBRO
Número Internacional Estándar del Libro 84-7088-720-3
245 03 - MENCIÓN DEL TÍTULO
Título La administración pública española /
Mención de responsabilidad, etc. Jaime Rodríguez-Arana Muñoz (director) ; María Calvo Charro (coordinadora).
250 ## - MENCION DE EDICION
Mención de edición 1ª ed.
260 ## - PUBLICACIÓN, DISTRIBUCIÓN, ETC.
Lugar de publicación, distribución, etc. Madrid :
Nombre del editor, distribuidor, etc. Instituto Nacional de Administración Pública,
Fecha de publicación, distribución, etc. 2002.
300 ## - DESCRIPCIÓN FÍSICA
Extensión 942 p. ;
Dimensiones 25 cm.
490 1# - MENCIÓN DE SERIE
Mención de serie Estudios
504 ## - NOTA DE BIBLIOGRAFÍA, ETC.
Nota de bibliografía, etc. Referencias bibliográficas.
651 #7 - PUNTO DE ACCESO ADICIONAL DE MATERIA--NOMBRE GEOGRÁFICO
Nombre geográfico España-
Subdivisión general Administración
Fuente del encabezamiento o término
9 (RLIN) 148152
700 1# - ENTRADA AGREGADA--NOMBRE PERSONAL
Nombre de persona Rodríguez-Arana Muñoz, Jaime.
9 (RLIN) 98342
700 1# - ENTRADA AGREGADA--NOMBRE PERSONAL
Nombre de persona Calvo Charro, María.
9 (RLIN) 165973
710 2# - ENTRADA AGREGADA--NOMBRE DE ENTIDAD CORPORATIVA
Nombre de entidad corporativa o nombre de jurisdicción como elemento de entrada Instituto Nacional de Administración Pública (España)
9 (RLIN) 5139
830 0# - PUNTO DE ACCESO ADICIONAL DE SERIE-TÍTULO UNIFORME
Título uniforme Estudios
9 (RLIN) 177349
852 ## - LOCALIZACIÓN
Ubicación ES-MaACL
Número de control de estantería A-14299
itemnumber 195762
Sublocalización o colección R.151512
Ubicación en estantería Depósito 1
Signatura antigua Olim: N-7299
Donativo/Legado Donación: Ignacio Catalá Martínez
Anotaciones manuscritas Dedicatoria autógrafa del donante
903 ## - NOMBRE PERSONAL DE DONANTE
9 234657
a Catalá Martínez, Ignacio
e Donante
942 ## - ELEMENTOS DE ENTRADA SECUNDARIOS (KOHA)
Fuente del sistema de clasificación o colocación Clasificación decimal universal
Tipo de ítem Koha Libro impreso
Holdings
Estatus retirado Estado de pérdida Fuente del sistema de clasificación o colocación Estado de daño No para préstamo Colección Biblioteca de origen Biblioteca actual Ubicación en estantería Fecha de adquisición Fuente de adquisición Total de préstamos Signatura topográfica completa Código de barras Visto por última vez Precio de reemplazo Tipo de ítem Koha Nota pública
    Clasificación decimal universal     Libros con dedicatorias Biblioteca del Ateneo de Madrid Biblioteca del Ateneo de Madrid Depósito 1 15/01/2019 Donación   A-14299 1199626 23/02/2023 23/02/2023 Libro impreso Dedicatoria autógrafa del donante